000 00633nam a22001695i 4500
001 160672
003 ES-MaACL
005 20230906212113.0
008 041014s1883 ck |||| | spa d
040 _aCAM
_bspa
_cCAM
100 1 _aNieto, Clemente.
_9130483
245 1 0 _aBreves observaciones al libro del señor doctor Anibal Galindo titulado "Estudios economicos y fiscales" /
_chechas por Clemente Nieto.
260 _aBogota :
_b[s.n.],
_c1883.
300 _a39 p. ;
_c23 cm.
600 0 4 _aGalindo, Aníbal.
_953428
852 _aES-MaACL
_jT-352-F-16
_z-- Enc. hol.
_q-- Falto de la cub. original
_z-- Enc. en un vol. facticio
999 _c160672
_d160672